00977nam a2200277 a 450000500170000000800410001702000180005808200170007610000360009324501260012925000180025530000250027349000230029850000400032165000460036165000370040765000230044470000360046794200120050326400460051533600270056133700330058833800280062104000350064999900150068420220317001411.0161108s2007 ck g 000 0 spa  a978958442283504a582.13bM12i1 aMaeterlinck, Mauriced1862-194913aLa inteligencia de las florescMaurice Maeterlinck ; proemio Gustavo Wilches-Chaux ; traducción Juan Bautista Enseñat a2a. edición a108 páginasc17 cm aBolsillo de Duende aIncluye nota biográfica del autor142LEMBaBotánica xAnatomia de las flores142LEMB aFlores xClasificación 142LEMB aBotánica 1 aEnseñat, Juan Bautista972296 2ddccBK aBogotábTaller de Edición Roccac2007 atextobtxt2rdacontent asin mediaciónbn2rdamedia avolumenbnc2rdacarrier aCO-BoRNBPbspaerdacCO-BoRNBP c6866d6866